الحماية الموضوعية والإجرائية لحقوق الإنسان في مرحلة ما قبل المحكمة : (Record no. 24760)

MARC details
000 -الفاتح
حقل البيانات ثابتة الطول 00938nam a22002415a 4500
003 - محدد رقم الضبط
رقم الضبط OSt
005 - وقت وتاريخ اخر تعامل مع التسجيلة
رقم الضبط 20170502120650.0
008 - عناصر البيانات ثابتة الطول - معلومات عامة
حقل البيانات ثابتة الطول 160828s2007 ua frb 000 0 ara d
015 ## -
-- 2007 / 14186
020 ## - الرقم الدولى المعيارى للكتب
الرقم الدولى المعيارى للكتاب 9770452475
040 ## - مصدر الفهرسة
وكالة الفهرسة الأصلية EG-ScBUE
لغة الفهرسة ara
وكالة النسخ EG-ScBUE
043 ## - رمز المنطقة الجغرافية
رمز المنطقة الجغرافية f-ua---
082 04 - رقم تصنيف ديوى العشرى
رقم التصنيف 342.62085
رقم المادة د س و
رقم الطبعة 22
100 1# - المدخل الرئيسى - إسم شخصى
الإسم الشخصى دسوقي، أحمد عبد الحميد.
245 12 - بيان العنوان
العنوان الحماية الموضوعية والإجرائية لحقوق الإنسان في مرحلة ما قبل المحكمة :
بقية العنوان دراسة مقارنة /
بيان المسئوليه,etc أحمد عبد الحميد الدسوقي.
250 ## - بيان الطبعة
بيان الطبعة ط. 1.
260 ## - PUBLICATION, DISTRIBUTION, ETC. (IMPRINT)
مكان الناشر او الموزع القاهرة :
اسم الناشر او الموزع دار النهضة العربية،
تاريخ النشر أو التوزيع 2007.
300 ## - الوصف المادى
التعداد 570 ص. ؛
أبعاد الوعاء 24 سم.
504 ## - تبصرة ببليوجرافية
تبصرة ببليوجرافية,الخ يشتمل على إرجاعات ببليوجرافية.
650 #7 - المدخل الاضافى بالموضوع-مصطلح موضوعى
مصدر الرأس أو المصطلح BUEsh
مصطلح موضوعي أو اسم جغرافي كعنصر مدخل حقوق الإنسان
التقسيم الفرعي العام قوانين و تشريعات
التقسيم الفرعي الجغرافي مصر.
653 ## - مصطلح تكشيفى غير مقيد
Resource For college Law
Arrived date list May2017
942 ## - عناصر المدخل الإضافي( كوها)
مصدر التصنيف او مخطط الترفيف Dewey Decimal Classification
Holdings
حالة التراجع حالة الفقد مصدر التصنيف او خطة الترفيف حالة تلف ليس للاعارة مجموعات كوها المكان الدائم المكان الحالي موقع الترفيف تاريخ الاكتساب Source of acquisition سعر الشراء الطبيعي تعداد مسلسل / التسلسل الزمني رقم الاستدعاء الباركود Date last seen التكلفة نوع الوعاء
    Dewey Decimal Classification     Scientific_Group Central Library Central Library First floor 02/05/2017 Purchase 80.00 666 342.62085 د س و 000041753 15/07/2025 100.00 Book - Borrowing